000 00302nam a22001337a 4500
008 170612b xxu||||| |||| 00| 0 eng d
020 _a9780393057256
041 _aeng
080 _a94(7/8)
100 _a17
101 _aSHH
245 _aA DECLARATION OF INTERPENDENCE
_cHUTTON,W
942 _2udc
_cBK
999 _c17004
_d17004